[Event "48th Bosna it"]
[Site "Sarajevo BIH"]
[Date "2018.05.08"]
[Round "6.35"]
[White "Kersic, Matej"]
[Black "Zenelaj, Fisnik"]
[Result "1/2-1/2"]
[WhiteElo "2109"]
[BlackElo "1909"]
[EventDate "2018.05.05"]
[PlyCount "94"]

1.e4 e5 2.Nf3 Nc6 3.Bb5 a6 4.Ba4 Nf6 5.O-O Be7 6.Re1 b5 7.Bb3 O-O 8.h3 d6 
9.a3 Na5 10.Ba2 c5 11.d3 Bb7 12.Nbd2 Qc7 13.Nf1 Nc6 14.c3 Nd8 15.Ng3 g6 
16.Bh6 Re8 17.Qd2 Bf8 18.Bxf8 Rxf8 19.Qg5 Ne8 20.Qh6 c4 21.dxc4 bxc4 22.
Ng5 f6 23.Nf3 Nf7 24.Qe3 d5 25.Rad1 dxe4 26.Nxe4 Bxe4 27.Qxe4 Ned6 28.Qd5 
Rab8 29.Rd2 Rb5 30.Qe6 Kg7 31.Red1 Re8 32.Qg4 h5 33.Qg3 Ne4 34.Qh4 Nxd2 
35.Rxd2 Reb8 36.Bxc4 Rxb2 37.Bxf7 Rxd2 38.Nxd2 Qxc3 39.Ne4 Qe1+ 40.Kh2 g5 
41.Nxg5 fxg5 42.Qxg5+ Kxf7 43.Qxh5+ Ke6 44.Qg6+ Kd7 45.Qf7+ Kd6 46.Qf6+ 
Kd5 47.Qf3+ Ke6 1/2-1/2

[Event "48th Bosna it"]
[Site "Sarajevo BIH"]
[Date "2018.05.08"]
[Round "6.36"]
[White "Levar, Nenad"]
[Black "Vujicic, Dragisa"]
[Result "1-0"]
[WhiteElo "2075"]
[BlackElo "1900"]
[EventDate "2018.05.05"]
[PlyCount "121"]

1.e4 e5 2.Nf3 Nc6 3.Bb5 a6 4.Ba4 Nf6 5.O-O Be7 6.Re1 b5 7.Bb3 d6 8.c3 Nb8 
9.d4 Nbd7 10.Nbd2 O-O 11.Nf1 Bb7 12.Ng3 c5 13.Bc2 g6 14.d5 Re8 15.b3 Bf8 
16.a4 Nb6 17.a5 Nbd7 18.b4 Rc8 19.h3 Qc7 20.Re2 Bg7 21.Nh2 Rcd8 22.Bd2 Bc8
23.Rc1 c4 24.Be3 h6 25.Qd2 Kh7 26.Ng4 Nxg4 27.hxg4 Re7 28.f3 Rf8 29.Kf2 
Nf6 30.Rh1 Ng8 31.Ke1 Qd8 32.Kd1 Rb7 33.Rh2 Re8 34.Re1 f6 35.Reh1 g5 36.
Nh5 Kg6 37.Ng3 Kf7 38.Nf5 Bxf5 39.gxf5 Ke7 40.g3 Kd7 41.Qg2 Qe7 42.Kc1 Kc8
43.Qh3 Qf7 44.Re1 Rc7 45.Bb6 Bf8 46.Bd1 Rd7 47.f4 Ree7 48.Bh5 Qg7 49.Bg6 
Rb7 50.Bg1 Red7 51.Be8 Re7 52.Bc6 Rb8 53.fxe5 g4 54.Qh4 fxe5 55.Be3 Rc7 
56.Kc2 Qe7 57.Qxg4 Nf6 58.Qh4 Ng8 59.Qxe7 Rxe7 60.Rh4 Nf6 61.Bxh6 1-0

[Event "48th Bosna it"]
[Site "Sarajevo BIH"]
[Date "2018.05.08"]
[Round "6.37"]
[White "Janjic, Nikola"]
[Black "Sadikovic, Jasmin"]
[Result "0-1"]
[WhiteElo "1874"]
[BlackElo "2073"]
[EventDate "2018.05.05"]
[PlyCount "132"]

1.c4 Nf6 2.Nc3 e5 3.g3 d5 4.cxd5 Nxd5 5.Bg2 Nxc3 6.bxc3 Bc5 7.e3 O-O 8.d4 
exd4 9.cxd4 Qf6 10.Bd2 Bb6 11.Ne2 c6 12.O-O Re8 13.Bc3 Qh6 14.Nf4 Bc7 15.
Nd3 Bh3 16.Rb1 b6 17.Qf3 Bxg2 18.Kxg2 Qe6 19.Nb4 Qe4 20.Rfc1 Qxf3+ 21.Kxf3
Bd6 22.Nd3 Nd7 23.Bb4 Bxb4 24.Rxb4 Rac8 25.Rbc4 Re6 26.d5 Rf6+ 27.Ke2 c5 
28.a4 Re8 29.e4 Rh6 30.h4 f5 31.f3 Nf6 32.e5 Nxd5 33.f4 Nf6 34.Nf2 Nh5 35.
Kf3 Rhe6 36.Rd1 g6 37.Rd7 R6e7 38.Rd6 Ng7 39.Nd1 Rc8 40.Nc3 Ne8 41.Rd2 Rb7
42.Rd5 Kf7 43.Nb5 Ke6 44.Rd2 Ke7 45.g4 Rd8 46.Rxd8 Kxd8 47.h5 Rd7 48.hxg6 
hxg6 49.gxf5 gxf5 50.a5 Kc8 51.axb6 axb6 52.Ra4 Rd3+ 53.Ke2 Rb3 54.Ra8+ 
Kd7 55.Na3 Nc7 56.Ra7 Rb4 57.Kf3 Kc6 58.Nc2 Rb3+ 59.Ke2 Nd5 60.Rf7 Nxf4+ 
61.Kd2 Rd3+ 62.Ke1 Rd5 63.Rf6+ Kb5 64.Ne3 Rxe5 65.Kf2 Rxe3 66.Rxf5 Re4 0-1

[Event "48th Bosna it"]
[Site "Sarajevo BIH"]
[Date "2018.05.08"]
[Round "6.38"]
[White "Marn, Jan"]
[Black "Tomic, Jelena"]
[Result "0-1"]
[WhiteElo "2063"]
[BlackElo "1881"]
[EventDate "2018.05.05"]
[PlyCount "142"]

1.d4 Nf6 2.c4 e6 3.Nc3 d5 4.cxd5 exd5 5.Bg5 Be7 6.e3 c6 7.Qc2 h6 8.Bh4 O-O
9.Bd3 Nbd7 10.Nge2 b6 11.O-O Bb7 12.Rab1 c5 13.f3 Re8 14.a3 a5 15.Bb5 Qc7 
16.Bf2 Bd6 17.Kh1 Bc6 18.Bg1 Rac8 19.Rbc1 Qb7 20.Qd2 Nf8 21.Rfd1 c4 22.Qc2
Bxb5 23.Nxb5 Bb8 24.Nec3 Rcd8 25.Re1 Qc6 26.a4 Re6 27.e4 Rde8 28.e5 Nh5 
29.Qd2 g5 30.g3 Ng6 31.Be3 f5 32.f4 g4 33.b3 cxb3 34.Ne4 Qd7 35.Ned6 Rf8 
36.Rc3 Bxd6 37.exd6 Rc8 38.Rc7 Rxc7 39.dxc7 Ne7 40.Qc3 Rc6 41.Qxb3 Nf6 42.
Rc1 Ne8 43.Re1 Nxc7 44.Bc1 Kf7 45.Ba3 Ne6 46.Qd3 Kf6 47.Re5 Qc8 48.Nd6 Qd7
49.Nxf5 Ng6 50.Nxh6 Nxe5 51.dxe5+ Kg7 52.Nxg4 Nxf4 53.Qf3 Ng6 54.Bb2 Qe6 
55.h3 Rc2 56.Bd4 Rc4 57.Qe3 Kf7 58.Bxb6 d4 59.Qf3+ Kg7 60.Qf6+ Qxf6 61.
exf6+ Kf7 62.Bxa5 Rxa4 63.Nh6+ Kxf6 64.Bd8+ Ke6 65.Bg5 d3 66.Kg1 Ra2 67.
Kf1 Ne5 68.Ng4 Nf3 69.Bf4 Ra1+ 70.Kg2 d2 71.Nf2 Ne1+ 0-1

[Event "48th Bosna it"]
[Site "Sarajevo BIH"]
[Date "2018.05.08"]
[Round "6.39"]
[White "Nestorovic, Katarina"]
[Black "Hasanovic, Jakub"]
[Result "1-0"]
[WhiteElo "2038"]
[BlackElo "1866"]
[EventDate "2018.05.05"]
[PlyCount "71"]

1.e4 e5 2.Bc4 Nf6 3.d3 h6 4.Nc3 Bb4 5.Bd2 O-O 6.a3 Bc5 7.f4 exf4 8.Bxf4 d6
9.Nf3 Nc6 10.Na4 Bd4 11.c3 Be5 12.Nxe5 Nxe5 13.Bxe5 dxe5 14.O-O c6 15.Ba2 
b5 16.Nc5 Nd7 17.Nxd7 Qxd7 18.Qh5 Qe7 19.Rf3 Bd7 20.Raf1 Be8 21.Rf5 Kh7 
22.Bxf7 Qc7 23.Bxe8 Rfxe8 24.Rf7 Re7 25.R7f3 Rg8 26.h4 g6 27.Qg4 Reg7 28.
Rf6 Qb6+ 29.Kh2 Qc5 30.h5 Qe3 31.hxg6+ Kh8 32.R1f3 Qd2 33.Qh5 Rh7 34.Rf2 
Qxd3 35.gxh7 Qg3+ 36.Kg1 1-0

[Event "48th Bosna it"]
[Site "Sarajevo BIH"]
[Date "2018.05.08"]
[Round "6.40"]
[White "Tarun, Kanyamarala"]
[Black "Bies, Brian"]
[Result "1-0"]
[WhiteElo "2006"]
[BlackElo "1610"]
[EventDate "2018.05.05"]
[PlyCount "91"]

1.Nf3 d5 2.c4 Nf6 3.cxd5 Nxd5 4.d4 Nc6 5.e4 Nb6 6.Nc3 Bg4 7.d5 Ne5 8.Nxe5 
Bxd1 9.Bb5+ c6 10.dxc6 Bg4 11.c7+ Qd7 12.Nxg4 e6 13.Bxd7+ Nxd7 14.f3 Bb4 
15.Bd2 a6 16.Ne3 Ba5 17.Rc1 Bxc7 18.Nb5 axb5 19.Rxc7 b6 20.Ke2 Nc5 21.b4 
Na4 22.Rhc1 O-O 23.R1c2 h5 24.Nd1 f5 25.Nc3 fxe4 26.fxe4 Nxc3+ 27.Bxc3 Rf4
28.Rxg7+ Kf8 29.Ke3 Rf1 30.Rf2+ Rxf2 31.Kxf2 Rxa2+ 32.Kf3 Ra3 33.Rc7 Ke8 
34.Kf4 Kd8 35.Be5 Rb3 36.Rh7 Rxb4 37.Bc7+ Ke8 38.Bxb6 Rb2 39.Kf3 Rc2 40.
Rxh5 b4 41.Rb5 Rc3+ 42.Kf4 b3 43.h4 Rc2 44.Rxb3 Rxg2 45.Bd4 Rh2 46.Bf6 1-0

[Event "48th Bosna it"]
[Site "Sarajevo BIH"]
[Date "2018.05.08"]
[Round "6.41"]
[White "Ababneh, Ghayth"]
[Black "Zechner, Andrea"]
[Result "1/2-1/2"]
[WhiteElo "2006"]
[BlackElo "1811"]
[EventDate "2018.05.05"]
[PlyCount "97"]

1.e4 c6 2.d4 d5 3.Nd2 dxe4 4.Nxe4 Bf5 5.Ng3 Bg6 6.h4 h6 7.Nf3 e6 8.Ne5 Bh7
9.Be3 Nd7 10.f4 Ngf6 11.Bd3 Bxd3 12.Nxd3 Bd6 13.Qf3 Qc7 14.O-O-O O-O-O 15.
Kb1 Kb8 16.Ne5 Rhf8 17.Nh5 g6 18.Nxf6 Nxf6 19.g4 h5 20.g5 Nd7 21.Rd3 Nb6 
22.Rhd1 Bxe5 23.dxe5 Rd5 24.Qf2 Nc8 25.c4 Rxd3 26.Rxd3 Rd8 27.Qd2 Rxd3 28.
Qxd3 c5 29.Kc2 b6 30.a3 Ne7 31.b4 cxb4 32.axb4 Nc6 33.Kb3 Qd8 34.Qd6+ Qxd6
35.exd6 Kc8 36.Ka4 Kb7 37.c5 bxc5 38.Bxc5 a6 39.b5 Nb8 40.Ka5 axb5 41.Kxb5
Nd7 42.Bd4 Kc8 43.Kc6 e5 44.Be3 exf4 45.Bxf4 Nb8+ 46.Kc5 Kd7 47.Kd5 Ke8 
48.Bd2 Nd7 49.Bc3 1/2-1/2

[Event "48th Bosna it"]
[Site "Sarajevo BIH"]
[Date "2018.05.08"]
[Round "6.42"]
[White "Cabric, Izet"]
[Black "Mahmutbegovic, Muharem"]
[Result "0-1"]
[WhiteElo "1885"]
[BlackElo "2039"]
[EventDate "2018.05.05"]
[PlyCount "76"]

1.e4 c5 2.Nf3 d6 3.c3 Nf6 4.Be2 Nc6 5.d4 cxd4 6.cxd4 Nxe4 7.d5 Qa5+ 8.Nc3 
Nxc3 9.bxc3 Ne5 10.Qb3 Nxf3+ 11.Bxf3 g6 12.O-O Bg7 13.Bd2 Bf5 14.Rfe1 Qc7 
15.Rac1 O-O 16.g4 Bc8 17.h4 b6 18.Re3 Ba6 19.c4 Rac8 20.Be2 Be5 21.Rh3 Qd7
22.Kg2 e6 23.f4 Bg7 24.Bf3 exd5 25.cxd5 Rxc1 26.Bxc1 Rc8 27.Bd2 Bc4 28.Qa3
Qb5 29.Kg3 Bxd5 30.Qxd6 Bxf3 31.Kxf3 Qf1+ 32.Kg3 Qg1+ 33.Kf3 Bd4 34.Qd7 
Rc3+ 35.Ke4 Rxh3 36.Qd8+ Kg7 37.Qxd4+ Qxd4+ 38.Kxd4 Ra3 0-1

[Event "48th Bosna it"]
[Site "Sarajevo BIH"]
[Date "2018.05.08"]
[Round "6.43"]
[White "Halilovic, Fahrudin"]
[Black "Stanivukovic, Drago"]
[Result "1-0"]
[WhiteElo "2035"]
[BlackElo "1872"]
[EventDate "2018.05.05"]
[PlyCount "49"]

1.e4 e5 2.Nf3 Nc6 3.Bc4 Bc5 4.c3 Nf6 5.d4 exd4 6.cxd4 Bb4+ 7.Nc3 Nxe4 8.
O-O Bxc3 9.bxc3 O-O 10.d5 Na5 11.Bd3 f5 12.Qa4 Nc5 13.Qxa5 Nxd3 14.Bg5 Qe8
15.Qxc7 h6 16.Be3 Qe4 17.Rad1 Rf6 18.Bd4 Rg6 19.Rxd3 Qxd3 20.Ne5 Qa6 21.
Nxg6 Qxg6 22.Re1 Qg5 23.f4 Qg4 24.h3 Qg6 25.Qe5 1-0

[Event "48th Bosna it"]
[Site "Sarajevo BIH"]
[Date "2018.05.08"]
[Round "6.44"]
[White "Pleh, Semir"]
[Black "Kurtcehajlic, Suad"]
[Result "1/2-1/2"]
[WhiteElo "1766"]
[BlackElo "1994"]
[EventDate "2018.05.05"]
[PlyCount "62"]

1.c4 e6 2.Nf3 d5 3.d4 Nf6 4.g3 c6 5.Bg2 dxc4 6.Ne5 Bb4+ 7.Nc3 Nd5 8.Bd2 
Nb6 9.e3 N8d7 10.Nf3 O-O 11.O-O Nf6 12.Qc2 Re8 13.Ne5 Bd6 14.f4 Bd7 15.Ne2
Bxe5 16.fxe5 Nfd5 17.e4 Ne7 18.Rf2 Ng6 19.Raf1 Nh8 20.Bb4 a5 21.Bc5 Nc8 
22.Qxc4 b6 23.Bd6 Nxd6 24.exd6 e5 25.dxe5 Rxe5 26.Qd4 f6 27.Nf4 Nf7 28.Rd2
b5 29.Rc1 Qb8 30.h4 Qa7 31.Qxa7 Rxa7 1/2-1/2

[Event "48th Bosna it"]
[Site "Sarajevo BIH"]
[Date "2018.05.08"]
[Round "6.45"]
[White "Janjic, Jovo"]
[Black "Haskovic, Salih"]
[Result "1-0"]
[WhiteElo "1981"]
[BlackElo "1857"]
[EventDate "2018.05.05"]
[PlyCount "32"]

1.e4 e5 2.Bc4 Nf6 3.Nc3 Nc6 4.a3 Bc5 5.d3 h6 6.h3 a6 7.Nge2 b5 8.Ba2 d6 9.
O-O O-O 10.Be3 Nd4 11.Bxd4 exd4 12.Nd5 c6 13.Nxf6+ Qxf6 14.f4 Bb6 15.f5 
Bd8 16.Ng3 d5 {nepregledno} 1-0

[Event "48th Bosna it"]
[Site "Sarajevo BIH"]
[Date "2018.05.08"]
[Round "6.46"]
[White "Strinic, Hamdija"]
[Black "Dedic, Nedzad"]
[Result "1-0"]
[WhiteElo "1747"]
[BlackElo "1973"]
[EventDate "2018.05.05"]
[PlyCount "85"]

1.d4 e6 2.Nf3 Nf6 3.Bg5 Be7 4.c4 b6 5.Nc3 Bb7 6.e3 a5 7.Bd3 h6 8.Bh4 d6 9.
Qc2 Nbd7 10.O-O-O g5 11.Bg3 g4 12.Ne1 h5 13.h3 gxh3 14.Rxh3 Ng4 15.Nf3 
Ndf6 16.e4 Qd7 17.c5 Kf8 18.e5 Ng8 19.Rdh1 dxc5 20.Rxh5 Rxh5 21.Rxh5 cxd4 
22.Ne2 c5 23.Kb1 b5 24.Bh7 Rd8 25.Ne1 c4 26.Nf4 d3 27.Qd1 f5 28.Nxe6+ Qxe6
29.Bxf5 Nxf2 30.Bxf2 Qxe5 31.Bg4 Qg7 32.Bf3 Bc8 33.Rxb5 c3 34.Nxd3 Ba6 35.
Rd5 Rb8 36.b3 a4 37.Bd4 Bf6 38.Nc5 axb3 39.axb3 Bc8 40.Bxc3 Bxc3 41.Rd8+ 
Kf7 42.Qd5+ Kf6 43.Ne4+ 1-0

[Event "48th Bosna it"]
[Site "Sarajevo BIH"]
[Date "2018.05.08"]
[Round "6.47"]
[White "Comor, Harun"]
[Black "Trisha, Kanyamarala"]
[Result "0-1"]
[WhiteElo "1712"]
[BlackElo "1932"]
[EventDate "2018.05.05"]
[PlyCount "110"]

1.e4 c6 2.d4 d5 3.Nc3 dxe4 4.Nxe4 Bf5 5.Ng3 Bg6 6.h4 h6 7.Nf3 e6 8.Bd3 
Bxd3 9.Qxd3 Be7 10.Bd2 Nf6 11.O-O-O O-O 12.h5 c5 13.Ne4 Nc6 14.Nxf6+ Bxf6 
15.Bc3 Nb4 16.Bxb4 cxb4 17.g4 Qd5 18.Kb1 a5 19.Qb3 Qxb3 20.axb3 Rfd8 21.
Rd3 b5 22.Rhd1 Rd5 23.c4 bxc3 24.bxc3 Rc8 25.Nd2 b4 26.Ne4 bxc3 27.Nxf6+ 
gxf6 28.Kc2 f5 29.f3 fxg4 30.fxg4 Rg5 31.Rg1 Kh7 32.Rxc3 Rxc3+ 33.Kxc3 f5 
34.Kd3 Kg7 35.Ke3 Kf6 36.Kf4 Ke7 37.Rg3 fxg4 38.Rxg4 Rxh5 39.Rg6 Kf7 40.
Rg2 Rf5+ 41.Ke4 h5 42.Rb2 Rb5 43.Rh2 Kg6 44.Rg2+ Kf6 45.Rf2+ Ke7 46.Rc2 
Kd7 47.Rg2 Kd6 48.Rg6 Ke7 49.Rg2 Kf6 50.Rf2+ Rf5 51.Rg2 h4 52.Rh2 Rh5 53.
Rf2+ Ke7 54.Ke3 h3 55.Rh2 Kd6 0-1

[Event "48th Bosna it"]
[Site "Sarajevo BIH"]
[Date "2018.05.08"]
[Round "6.48"]
[White "Colpa, Husein"]
[Black "Odzak, Senad"]
[Result "1-0"]
[WhiteElo "1922"]
[BlackElo "1802"]
[EventDate "2018.05.05"]
[PlyCount "103"]

1.Nf3 Nf6 2.c4 e6 3.d4 c5 4.Nc3 d5 5.e3 Nc6 6.dxc5 Bxc5 7.a3 a5 8.Be2 O-O 
9.O-O dxc4 10.Qa4 Nd5 11.Qxc4 Nxc3 12.Qxc3 b6 13.Rd1 Qc7 14.Bd2 Ba6 15.
Bxa6 Rxa6 16.Qc4 Raa8 17.Bc3 Qe7 18.Rac1 Rfd8 19.Qe4 Rxd1+ 20.Rxd1 Rd8 21.
Rc1 Rd5 22.h4 f5 23.Qc4 h6 24.e4 fxe4 25.Qxe4 Nd8 26.Re1 Qf7 27.b4 axb4 
28.axb4 Be7 29.g3 Qf5 30.Qxf5 Rxf5 31.Kg2 Bf6 32.Bd2 Rd5 33.Rc1 Kf7 34.
Rc7+ Ke8 35.Be3 Rb5 36.Rc4 Kd7 37.Bd4 Nc6 38.Bxf6 gxf6 39.Rxc6 Rxb4 40.Rc2
e5 41.Nd2 b5 42.f3 f5 43.Rc3 Rb2 44.Rd3+ Kc6 45.Kf2 Kc5 46.g4 fxg4 47.fxg4
Rb4 48.Kf3 h5 49.Ne4+ Kc4 50.Ke3 hxg4 51.h5 Rb1 52.Nd2+ 1-0

[Event "48th Bosna it"]
[Site "Sarajevo BIH"]
[Date "2018.05.08"]
[Round "6.49"]
[White "Herega, Nejc"]
[Black "Muhibic, Cazim"]
[Result "1-0"]
[WhiteElo "1600"]
[BlackElo "1920"]
[EventDate "2018.05.05"]
[PlyCount "67"]

1.d4 Nf6 2.c4 g6 3.Nc3 d6 4.e4 Bg7 5.Nf3 O-O 6.Bg5 Nbd7 7.Qd2 c6 8.Be2 e5 
9.O-O-O Qa5 10.h4 exd4 11.Nxd4 d5 12.Nb3 Qb4 13.exd5 cxd5 14.cxd5 Nc5 15.
Nxc5 Qxc5 16.Qd4 Qxd4 17.Rxd4 Bd7 18.Rf4 Nh5 19.Rb4 b6 20.g4 Bxc3 21.bxc3 
Ng7 22.Be7 Rfc8 23.Kb2 Re8 24.d6 Ne6 25.f4 Nc5 26.f5 Rec8 27.fxg6 Na4+ 28.
Rxa4 Bxa4 29.gxh7+ Kxh7 30.Bd3+ Kg7 31.h5 Rh8 32.g5 Bc6 33.h6+ Kg8 34.h7+ 
1-0

[Event "48th Bosna it"]
[Site "Sarajevo BIH"]
[Date "2018.05.08"]
[Round "6.50"]
[White "Stankovic, Dragan"]
[Black "Bajic, Salko"]
[Result "1-0"]
[WhiteElo "1919"]
[BlackElo "1715"]
[EventDate "2018.05.05"]
[PlyCount "78"]

1.e4 e5 2.Nf3 Nc6 3.d4 exd4 4.Nxd4 Nxd4 5.Qxd4 d6 6.Bc4 Be6 7.O-O Qf6 8.
Qd3 Ne7 9.Bxe6 Qxe6 10.Qb5+ Qd7 11.Qxb7 Qc8 12.Qb5+ c6 13.Qe2 g6 14.Bf4 
Qe6 15.Nd2 Bg7 16.Rad1 O-O 17.b3 Nd5 18.Qf3 Nc3 19.Rde1 Nxa2 20.Nc4 Rfd8 
21.Qg3 d5 22.exd5 Qxd5 23.Be5 Bxe5 24.Nxe5 Nb4 25.Ng4 Qd6 26.Qc3 Qd4 27.
Re8+ Kg7 28.Qxd4+ Rxd4 29.Rxa8 Rxg4 30.c3 Nd3 31.Rxa7 Nf4 32.g3 Ne2+ 33.
Kg2 Nxc3 34.Rc1 Nb5 35.Rb7 Nd4 36.Rc4 c5 37.Rxc5 Nf5 38.Rc4 Rg5 39.f4 Rg4 
1-0

[Event "48th Bosna it"]
[Site "Sarajevo BIH"]
[Date "2018.05.08"]
[Round "6.52"]
[White "Zenelaj, Samuel"]
[Black "Lakota, Izet"]
[Result "1-0"]
[WhiteElo "1840"]
[BlackElo "1761"]
[EventDate "2018.05.05"]
[PlyCount "83"]

1.c4 g6 2.Nc3 Bg7 3.Nf3 b6 4.e4 Bb7 5.d4 d6 6.Be2 Nf6 7.Qc2 Qd7 8.O-O O-O 
9.h3 e6 10.Be3 Na6 11.Rad1 Nb4 12.Qb1 Qc6 13.a3 Na6 14.b4 Qe8 15.Qc2 Nd7 
16.Rfe1 Nab8 17.Nb5 Qc8 18.d5 a6 19.Nbd4 Nf6 20.Bd3 Re8 21.Nb3 Nbd7 22.
Nfd4 Ne5 23.Bf1 Ned7 24.f3 Re7 25.dxe6 fxe6 26.c5 bxc5 27.bxc5 dxc5 28.
Nxc5 Nxc5 29.Qxc5 Qe8 30.Bc4 Bc8 31.Ba2 Kf7 32.Nc6 Rd7 33.Ne5+ Kg8 34.Nxd7
Bxd7 35.Qxc7 Rc8 36.Qd6 Rc6 37.Qd3 Rc7 38.Qxa6 Rc2 39.Rxd7 Nxd7 40.Qxe6+ 
Kf8 41.Qg8+ Ke7 42.Qxg7+ 1-0

[Event "48th Bosna it"]
[Site "Sarajevo BIH"]
[Date "2018.05.08"]
[Round "6.53"]
[White "Jovovic, Milan"]
[Black "Mattersberger, Melanie"]
[Result "1-0"]
[WhiteElo "2042"]
[BlackElo "1680"]
[EventDate "2018.05.05"]
[PlyCount "57"]

1.d4 Nf6 2.Bf4 e6 3.e3 b6 4.Nd2 Bb7 5.Ngf3 Be7 6.h3 O-O 7.Bd3 c5 8.Qe2 Re8
9.g4 cxd4 10.exd4 Nc6 11.c3 d6 12.O-O e5 13.dxe5 dxe5 14.Bg3 Bd6 15.Rad1 
Nd5 16.Qe4 Nf6 17.Qe2 Nd5 18.Bh4 Be7 19.Qe4 g6 20.Bg3 Nf6 21.Qe2 Bd6 22.
Ne4 Nxe4 23.Bxe4 Qc7 24.Rd2 Qe7 25.Rfd1 Rad8 26.Bh4 f6 27.Qc4+ Kg7 28.Bxc6
Qc7 29.Rxd6 1-0

[Event "48th Bosna it"]
[Site "Sarajevo BIH"]
[Date "2018.05.08"]
[Round "6.54"]
[White "Radaca, Nasir"]
[Black "Kajevic, Dzevad"]
[Result "1/2-1/2"]
[WhiteElo "1619"]
[BlackElo "1979"]
[EventDate "2018.05.05"]
[PlyCount "47"]

1.d4 d5 2.Bf4 Bf5 3.e3 e6 4.Bd3 Bxd3 5.Qxd3 c6 6.Nd2 Bd6 7.Bxd6 Qxd6 8.c3 
Nd7 9.Ngf3 Ngf6 10.a3 b5 11.b4 a5 12.O-O a4 13.Rfe1 O-O 14.Rab1 e5 15.e4 
dxe4 16.Nxe4 Nxe4 17.Qxe4 f5 18.Qc2 e4 19.Nd2 Nf6 20.f3 Rae8 21.fxe4 fxe4 
22.Nxe4 Nxe4 23.Rxe4 Qg6 24.Rbe1 1/2-1/2

[Event "48th Bosna it"]
[Site "Sarajevo BIH"]
[Date "2018.05.08"]
[Round "6.55"]
[White "Camdzija, Samir"]
[Black "Grubauer, Gerhard"]
[Result "1-0"]
[WhiteElo "1822"]
[BlackElo "1655"]
[EventDate "2018.05.05"]
[PlyCount "45"]

1.e4 c5 2.Bc4 d6 3.h3 Nf6 4.Nc3 a6 5.a4 Nc6 6.Nf3 e5 7.Ng5 Be6 8.Nxe6 fxe6
9.Bxe6 Nd4 10.Bd5 Nxd5 11.Nxd5 Rc8 12.c3 Ne6 13.d3 Be7 14.Qg4 Kd7 15.a5 h5
16.Qf5 g6 17.Qxg6 Rg8 18.Qxh5 Rxg2 19.Nb6+ Kc6 20.Nxc8 Qxc8 21.Be3 Qf8 22.
O-O-O Nf4 23.Qh7 1-0

[Event "48th Bosna it"]
[Site "Sarajevo BIH"]
[Date "2018.05.08"]
[Round "6.56"]
[White "Erceg, Slobodan"]
[Black "Kabadayi, Suleyman Arda"]
[Result "1-0"]
[WhiteElo "1791"]
[BlackElo "1514"]
[EventDate "2018.05.05"]
[PlyCount "83"]

1.Nf3 Nf6 2.g3 g6 3.Bg2 Bg7 4.O-O O-O 5.d4 d5 6.Nc3 c6 7.Re1 Nbd7 8.Rb1 
Nb6 9.b3 Ne4 10.Nxe4 dxe4 11.Ne5 f6 12.Nc4 f5 13.e3 Be6 14.Qe2 Bxc4 15.
bxc4 e5 16.c3 Qc7 17.Ba3 Rfd8 18.Rb3 Qf7 19.Bf1 exd4 20.cxd4 Bf8 21.c5 Nd5
22.Reb1 Rab8 23.Qb2 Rd7 24.Ba6 b6 25.cxb6 axb6 26.Bxf8 Qxf8 27.Bc4 b5 28.
a4 bxc4 29.Rxb8 Rd8 30.Rxd8 Qxd8 31.Qb8 Qxb8 32.Rxb8+ Kf7 33.Kf1 Ke7 34.
Ke1 Kd6 35.a5 Kc7 36.Rb1 g5 37.a6 Nb6 38.Kd2 h5 39.h3 Nc8 40.Rb7+ Kd6 41.
a7 Nxa7 42.Rxa7 1-0

[Event "48th Bosna it"]
[Site "Sarajevo BIH"]
[Date "2018.05.08"]
[Round "6.57"]
[White "Beslija, Hana"]
[Black "Markovic, Rade"]
[Result "0-1"]
[WhiteElo "1129"]
[BlackElo "1767"]
[EventDate "2018.05.05"]
[PlyCount "60"]

1.e4 e5 2.Nf3 Nc6 3.d4 exd4 4.Nxd4 Bc5 5.Be3 Qf6 6.c3 Nge7 7.Bd3 Nxd4 8.
cxd4 Bxd4 9.Bxd4 Qxd4 10.Nc3 c6 11.O-O O-O 12.Re1 Qe5 13.Qc2 Ng6 14.g3 d6 
15.f4 Qc5+ 16.Kg2 Qh5 17.f5 Ne5 18.Be2 Qh6 19.Rf1 g6 20.f6 Bh3+ 21.Kh1 
Bxf1 22.Rxf1 Rae8 23.Nd1 Re6 24.h4 Rfe8 25.Rf2 g5 26.h5 g4 27.Rh2 Nf3 28.
Bxf3 gxf3 29.Rh4 Rxf6 30.Nf2 Qe3 0-1

[Event "48th Bosna it"]
[Site "Sarajevo BIH"]
[Date "2018.05.08"]
[Round "6.65"]
[White "Gazija, Tarik"]
[Black "Rakita, Jandrija"]
[Result "0-1"]
[WhiteElo "1528"]
[BlackElo "1688"]
[EventDate "2018.05.05"]
[PlyCount "54"]

1.e4 e5 2.Nf3 d6 3.Nc3 h6 4.Bc4 Nf6 5.d3 a6 6.a3 Be7 7.h3 Nc6 8.Be3 Bd7 9.
Qd2 Qc8 10.Nd5 Qd8 11.c3 Nh7 12.Rd1 Be6 13.d4 exd4 14.cxd4 Nb8 15.b3 b5 
16.Bd3 c6 17.Nxe7 Qxe7 18.Qc2 Nf6 19.O-O O-O 20.Rfe1 Qb7 21.e5 dxe5 22.
dxe5 Nd5 23.Bc5 Rc8 24.Nd4 Nf4 25.Re3 Nd7 26.Bd6 c5 27.Nf5 Qxg2# 0-1

[Event "48th Bosna it"]
[Site "Sarajevo BIH"]
[Date "2018.05.09"]
[Round "7.1"]
[White "Djukic, Nikola"]
[Black "Kozul, Zdenko"]
[Result "1/2-1/2"]
[WhiteElo "2556"]
[BlackElo "2597"]
[EventDate "2018.05.05"]
[PlyCount "97"]

1.e4 c5 2.Nf3 d6 3.d4 cxd4 4.Nxd4 Nf6 5.Nc3 Nc6 6.Bg5 e6 7.Qd2 a6 8.O-O-O 
Bd7 9.f3 Qc7 10.Kb1 Nxd4 11.Qxd4 Be7 12.Qd2 Bc6 13.h4 O-O 14.Bd3 Rfc8 15.
Ne2 Bb5 16.g4 Bxd3 17.cxd3 Qd8 18.Rc1 d5 19.e5 Nd7 20.Bxe7 Qxe7 21.f4 
Rxc1+ 22.Qxc1 Qd8 23.Qe3 Rc8 24.Nd4 Qe7 25.g5 Qc5 26.h5 Qb6 27.Re1 Nf8 28.
h6 g6 29.Nf3 Qxe3 30.Rxe3 Nd7 31.d4 Kf8 32.Rb3 Rc7 33.Nh2 Ke8 34.Ng4 Kd8 
35.Nf6 Nxf6 36.gxf6 Kc8 37.Rb6 Kb8 38.a4 Kc8 39.b3 Rd7 40.Kb2 Kc7 41.a5 
Rd8 42.b4 Rg8 43.b5 axb5 44.Rxb5 g5 45.Rc5+ Kb8 46.fxg5 Rxg5 47.Rb5 Kc7 
48.Rc5+ Kb8 49.Rb5 1/2-1/2

[Event "48th Bosna it"]
[Site "Sarajevo BIH"]
[Date "2018.05.09"]
[Round "7.3"]
[White "Diermair, Andreas"]
[Black "Ivic, Velimir"]
[Result "0-1"]
[WhiteElo "2504"]
[BlackElo "2405"]
[EventDate "2018.05.05"]
[PlyCount "74"]

1.d4 Nf6 2.c4 g6 3.Nc3 Bg7 4.Nf3 O-O 5.e4 d6 6.Be2 e5 7.O-O Na6 8.Be3 c6 
9.d5 Ng4 10.Bg5 f6 11.Bh4 c5 12.Ne1 Nh6 13.a3 Qe8 14.Nd3 f5 15.f3 f4 16.b4
b6 17.Qa4 Qxa4 18.Nxa4 Nf7 19.Rfb1 g5 20.Be1 Bd7 21.Nc3 Rfc8 22.Rb2 Bf6 
23.Bd1 h5 24.Ba4 Bxa4 25.Nxa4 cxb4 26.axb4 Rxc4 27.b5 Nc7 28.Nb4 g4 29.Nc3
Ng5 30.Kf2 h4 31.Nc6 h3 32.Ra4 Rxa4 33.Nxa4 hxg2 34.Kxg2 gxf3+ 35.Kf2 
Nxe4+ 36.Kxf3 Ng5+ 37.Kg4 Nxd5 0-1

[Event "48th Bosna it"]
[Site "Sarajevo BIH"]
[Date "2018.05.09"]
[Round "7.4"]
[White "Yilmaz, Mustafa"]
[Black "Blagojevic, Dragisa"]
[Result "1-0"]
[WhiteElo "2621"]
[BlackElo "2483"]
[EventDate "2018.05.05"]
[PlyCount "160"]

1.d4 d5 2.c4 e6 3.Nf3 Nf6 4.Nc3 c6 5.Bg5 Nbd7 6.cxd5 exd5 7.e3 Be7 8.Qc2 
Nh5 9.Bxe7 Qxe7 10.O-O-O Nb6 11.Bd3 g6 12.h3 Be6 13.Kb1 O-O-O 14.Na4 Nxa4 
15.Qxa4 Kb8 16.Rc1 Nf6 17.Rc3 Ne4 18.Ra3 b5 19.Qc2 Rc8 20.Ka1 Nd6 21.Rc3 
Bd7 22.Rc1 f6 23.Nd2 Nb7 24.Qb3 Qd6 25.Qd1 Rhe8 26.Nb3 Re7 27.a4 a6 28.Nc5
Nxc5 29.Rxc5 Kb7 30.Qd2 Ree8 31.Qb4 Qe7 32.R1c3 Qd8 33.axb5 axb5 34.Bxb5 
Qb6 35.Qb3 cxb5 36.Qxd5+ Bc6 37.Rxc6 Rxc6 38.Qd7+ Qc7 39.Qxe8 Rxc3 40.
Qxb5+ Kc8 41.Qe8+ Kb7 42.Qb5+ Kc8 43.bxc3 Qxc3+ 44.Qb2 Qd3 45.Qc1+ Kd7 46.
g3 Qf5 47.Qb2 Qxh3 48.Qb5+ Kd6 49.Qc5+ Kd7 50.Qb5+ Kd6 51.Kb2 Qg2 52.Qe2 
h5 53.e4 Ke7 54.e5 Qd5 55.Kc3 Qa5+ 56.Kd3 Ke6 57.exf6+ Kxf6 58.Qf3+ Ke6 
59.Qc6+ Kf7 60.Qb7+ Ke6 61.Qc8+ Kf7 62.Qd7+ Kf6 63.Qc6+ Kf7 64.Qc5 Qe1 65.
Qc7+ Ke6 66.Qc8+ Ke7 67.Qc2 Kd6 68.Qc5+ Ke6 69.d5+ Kf7 70.Qc7+ Kg8 71.Qb8+
Kg7 72.Qc7+ Kg8 73.Qb8+ Kg7 74.Qa7+ Kf8 75.Qe3 Qb1+ 76.Kc4 Qa2+ 77.Kd4 
Qa4+ 78.Ke5 Qe8+ 79.Kf6 Qf7+ 80.Kg5 Kg7 1-0

[Event "48th Bosna it"]
[Site "Sarajevo BIH"]
[Date "2018.05.09"]
[Round "7.5"]
[White "Sadikhov, Ulvi"]
[Black "Brkic, Ante"]
[Result "1/2-1/2"]
[WhiteElo "2473"]
[BlackElo "2598"]
[EventDate "2018.05.05"]
[PlyCount "70"]

1.e4 c5 2.Nf3 d6 3.d4 cxd4 4.Nxd4 Nf6 5.Nc3 a6 6.h3 Nc6 7.g4 Qb6 8.Nb3 e6 
9.g5 Nd7 10.h4 Qc7 11.h5 b5 12.Rh3 Nc5 13.Bf4 Ne5 14.Qd4 f6 15.O-O-O Be7 
16.h6 g6 17.gxf6 Bxf6 18.Bxb5+ Ke7 19.Nxc5 axb5 20.Nb3 Bd7 21.Qb4 Rhc8 22.
Rhd3 Ra6 23.Rd5 Qc4 24.R5d4 Qxb4 25.Rxb4 Rc4 26.a3 Rxb4 27.axb4 g5 28.Bg3 
Ra8 29.Kb1 Rc8 30.Nd4 Rb8 31.f4 gxf4 32.Bxf4 Nc4 33.b3 Ne5 34.Rd2 Ra8 35.
Be3 Nf3 1/2-1/2

[Event "48th Bosna it"]
[Site "Sarajevo BIH"]
[Date "2018.05.09"]
[Round "7.6"]
[White "Can, Emre"]
[Black "Krishna, C. R. G."]
[Result "1-0"]
[WhiteElo "2596"]
[BlackElo "2416"]
[EventDate "2018.05.05"]
[PlyCount "87"]

1.d4 d5 2.c4 c6 3.Nf3 Nf6 4.Nc3 a6 5.e3 Bf5 6.cxd5 cxd5 7.Ne5 Nc6 8.Qb3 
Bc8 9.Bd2 e6 10.Nxc6 bxc6 11.Rc1 Bd6 12.Bd3 O-O 13.Na4 e5 14.dxe5 Bxe5 15.
O-O Rb8 16.Qc2 Re8 17.f4 Bd6 18.Qxc6 Qe7 19.Qc2 Qa7 20.Kh1 Bd7 21.Nc3 d4 
22.exd4 Qxd4 23.Nd1 Rbc8 24.Bc3 Qd5 25.Bxa6 Rc6 26.Bd3 Ng4 27.Qd2 Rc5 28.
h3 Qh5 29.Nf2 Ne3 30.Be4 Nxf1 31.Qxd6 Bb5 32.Bf3 Ng3+ 33.Kh2 Qh4 34.Re1 
Rxe1 35.Bxe1 Rc8 36.Qe5 Bc4 37.Bb7 Rd8 38.Ng4 Nf1+ 39.Kg1 Ng3 40.Qe3 Ne2+ 
41.Qxe2 Bxe2 42.Bxh4 Rb8 43.Bd5 Rxb2 44.Ne5 1-0